The Ages of Globalization :Geography, Technology, and Institution (Record no. 41516)
[ view plain ]
| 000 -LEADER | |
|---|---|
| fixed length control field | 00417nam a22001457a 4500 |
| 005 - DATE AND TIME OF LATEST TRANSACTION | |
| control field | 20240822161809.0 |
| 008 - FIXED-LENGTH DATA ELEMENTS--GENERAL INFORMATION | |
| fixed length control field | 240822b |||||||| |||| 00| 0 eng d |
| 020 ## - INTERNATIONAL STANDARD BOOK NUMBER | |
| International Standard Book Number | 9780231193740 |
| 082 ## - DEWEY DECIMAL CLASSIFICATION NUMBER | |
| Classification number | 909 SAC |
| Item number | 33560 |
| 100 ## - MAIN ENTRY--PERSONAL NAME | |
| Author | Jeffrey D. Sachs |
| 245 ## - TITLE STATEMENT | |
| Title | The Ages of Globalization :Geography, Technology, and Institution |
| 260 ## - PUBLICATION, DISTRIBUTION, ETC. | |
| Place | New York |
| Publisher | Columbia University Press |
| Publication Year | 2020 |
| 365 ## - TRADE PRICE | |
| Price type code | Rs |
| Price amount | 873.69 |
| 942 ## - ADDED ENTRY ELEMENTS (KOHA) | |
| Koha item type | Books |
No items available.